<?xml version="1.0" encoding="UTF-8"?>
<marc:record xmlns:marc="http://www.loc.gov/MARC21/slim">
   <marc:leader>00000nam a2200000 a 4500</marc:leader>
   <marc:datafield ind1="1" ind2=" " tag="100">
      <marc:subfield code="a">Flatley, Michael</marc:subfield>
   </marc:datafield>
   <marc:datafield ind1="0" ind2="0" tag="245">
      <marc:subfield code="a">Lord of the Dance</marc:subfield>
   </marc:datafield>
   <marc:datafield ind1=" " ind2="1" tag="264">
      <marc:subfield code="a">Hamburg</marc:subfield>
      <marc:subfield code="b">Universal Studios</marc:subfield>
      <marc:subfield code="c">1998</marc:subfield>
   </marc:datafield>
   <marc:datafield ind1="1" ind2=" " tag="520">
      <marc:subfield code="a">Michael Flatley hat mit "Lord of the Dance" die Welt erobert. Seine Nacherzählung der alten irischen Legende, vom Kampf der guten Kräfte gegen den "Lord der Finsternis", gilt als erfolgreichste und außergewöhnlichste Arenaproduktion, deren Symbiose aus Tanz, Folklore und überwältigenden Bühneneffekten das Publikum in einen wahren Begeisterungstaumel versetzt. Mit atemberaubender Ausdruckskraft, Athletik und Charisma erreicht sein Ensemble die perfekte Verflechtung von Tanz, Gefühl und Emotionen. Aufgezeichnet im POINT THEATRE in Dublin.</marc:subfield>
   </marc:datafield>
   <marc:datafield ind1=" " ind2=" " tag="020">
      <marc:subfield code="a">044004781022</marc:subfield>
      <marc:subfield code="9">044004781022</marc:subfield>
   </marc:datafield>
   <marc:datafield ind1=" " ind2=" " tag="300">
      <marc:subfield code="a">ca. 92 Min.</marc:subfield>
   </marc:datafield>
</marc:record>
